Fr. Conceicao Rodrigues College of Engineering

Data warehousing (Record no. 34992)

MARC details
000 -LEADER
fixed length control field 00357nam a2200169Ia 4500
082 ## - DEWEY DECIMAL CLASSIFICATION NUMBER
Classification number 4.56
Item number THE
100 ## - MAIN ENTRY--PERSONAL NAME
Personal name Theraja/Reema
245 ## - TITLE STATEMENT
Title Data warehousing
260 ## - PUBLICATION, DISTRIBUTION, ETC.
Name of publisher, distributor, etc. Oxford university press
Date of publication, distribution, etc. 2009
366 ## - TRADE AVAILABILITY INFORMATION
Publishers's discount category 20
300 ## - PHYSICAL DESCRIPTION
Extent 474
546 ## - LANGUAGE NOTE
Language note ENGLISH
650 ## - SUBJECT ADDED ENTRY--TOPICAL TERM
Topical term or geographic name entry element Data warehousing
654 ## - SUBJECT ADDED ENTRY--FACETED TOPICAL TERMS
Focus term data warehousing
942 ## - ADDED ENTRY ELEMENTS (KOHA)
Koha item type BOOK
Holdings
Withdrawn status Lost status Damaged status Not for loan Collection Home library Current library Date acquired Source of acquisition Cost, normal purchase price Inventory number Total Checkouts Full call number Barcode Date last seen Cost, replacement price Price effective from Koha item type Date last checked out
        CRC Fr. Agnel's C.Rodrigues College of Engineering AGNEL TECHNICAL COLLEGE LIBRARY 17/03/2023 Milan Book Supplier 216.00 2054 dt 15/01/2010 1 4.56 THE 20356 14/05/2025 270.00   BOOK 24/04/2025
        CRC Fr. Agnel's C.Rodrigues College of Engineering AGNEL TECHNICAL COLLEGE LIBRARY 17/03/2023 Milan Book Supplier 216.00 2054 dt 15/01/2010 4 4.56 THE 20358 19/03/2025 270.00   BOOK 12/02/2025
        CRC Fr. Agnel's C.Rodrigues College of Engineering Fr. Agnel's C.Rodrigues College of Engineering 17/03/2023 Milan Book Supplier 216.00 2054 dt 15/01/2010   4.56 THE 20355 17/03/2023 270.00   BOOK  
        CRC Fr. Agnel's C.Rodrigues College of Engineering Fr. Agnel's C.Rodrigues College of Engineering 17/03/2023 Milan Book Supplier 216.00 2054 dt 15/01/2010   4.56 THE 20357 17/03/2023 270.00   BOOK  
        CRC Fr. Agnel's C.Rodrigues College of Engineering Fr. Agnel's C.Rodrigues College of Engineering 17/03/2023 Milan Book Supplier 216.00 2054 dt 15/01/2010   4.56 THE 20359 17/03/2023 270.00   BOOK